| 000 | 00465cam a2200193ua 4500 | ||
|---|---|---|---|
| 020 | _c12.00 | ||
| 041 |
_ahin _h |
||
| 082 |
_a891.43 _bJAW/ME |
||
| 100 | _aJawaharlal, Nehru . | ||
| 245 |
_aMeri kahani / _cJawaharlal Nehru. _hTextual Documents |
||
| 250 |
_a11 / _b. |
||
| 260 |
_aNew Delhi : _bSasta Sahitya Mandir , _c1965. |
||
| 300 | _a864 ; . | ||
| 365 | _a12.00 | ||
| 504 | _a | ||
| 942 | _cBK | ||
| 999 |
_c11921 _d11921 |
||